Popularne zupy polskie - Statystyki

Ogólne statystyki
  • Ten quiz został rozwiązany 125 razy
  • Średni wynik to 12 z 21
Statystyki odpowiedzi
Zupy % Poprawnych
Rosół
99%
Pomidorowa
96%
Żurek
93%
Ogórkowa
91%
Barszcz czerwony
84%
Barszcz biały
78%
Krupnik
76%
Grzybowa
68%
Grzybowa
68%
Jarzynowa
63%
Kapuśniak
57%
Grochówka
51%
Szczawiowa
49%
Fasolowa
47%
Dyniowa
39%
Flaki
36%
Koperkowa
24%
Rybna
18%
Czernina
17%
Chłodnik litewski
2%
Z soczewicy
1%
Nie znaleziono quizów pasujących do podanych kryteriów
Rozkład punktacji
Procent ludzi z każdym wynikiem
Percentyl według liczby udzielonych odpowiedzi
Twoja historia wyników
Nie rozwiązałeś tego quizu